Sports Quiz

Random Sports or Football Quiz

Celtic Managers Quiz Stats

 Plays Quiz not verified by Sporcle

Score 0/21 Timer 10:00
0 Plays Today
Hint Answer % Correct
March 2010 – May 2014Neil Lennon
91%
June 2000 – May 2005Martin O'Neill
88%
10 March 1965 – August 1978Jock Stein
88%
June 1999 – February 2000John Barnes
86.1%
May 2005 – May 2009Gordon Strachan
82.5%
July 1994 – May 1997Tommy Burns
73.5%
June 2009 – March 2010Tony Mowbray
72.9%
June 2014 – PresentRonny Deila
72.3%
July 1997 – May 1998Wim Jansen
72.3%
May 1987 – May 1991Billy McNeill
66.3%
August 1978 – May 1983Billy McNeill
66.3%
Hint Answer % Correct
April 1897 – January 1940Willie Maley
61.4%
October 1993 – June 1994Lou Macari
55.4%
June 1991 – October 1993Liam Brady
54.8%
August 1983 – May 1987David Hay
51.8%
August 1945 – 6 March 1965Jimmy McGrory
47%
February 2000 – June 2000Kenny Dalgleish
31.3%
May 1997Billy Stark
25.3%
February 1940 – July 1945Jimmy McStay
22.3%
October 1993Frank Connor
17.5%
July 1998 – June 1999Jo Vengloš
0.6%

You're not logged in!

Compare scores with friends on all Sporcle quizzes.
OR
Log In

Show Comments

Extras

Top Quizzes Today


Score Distribution

Your Account Isn't Verified!

In order to create a playlist on Sporcle, you need to verify the email address you used during registration. Go to your Sporcle Settings to finish the process.

Report this User

Report this user for behavior that violates our Community Guidelines.

Details: